| 000 | 00563nam a2200193Ia 4500 | ||
|---|---|---|---|
| 008 | 090124s9999 xx 000 0 und d | ||
| 082 | _b30079 | ||
| 100 | _aमंगेशकर गीता | ||
| 245 | _a बोरबन | ||
| 250 | _a1 | ||
| 260 |
_bप्रिया प्रकाशन _c1991 |
||
| 300 | _a184 | ||
| 600 | _aमंगेशकर गीता | ||
| 630 | _a बोरबन | ||
| 700 | _aबांदाडेकर गौरी | ||
| 700 | _aमंगेशकर गीता | ||
| 730 | _a बोरबन | ||
| 942 | _cBOOK | ||
| 999 |
_c107164 _d107164 |
||